| 000 | 00609nam a2200205 u 4500 | ||
|---|---|---|---|
| 005 | 20241211063735.0 | ||
| 008 | 090609s2003 r 000 0 eng d | ||
| 020 | _a8480635746 | ||
| 035 | _aUPN01000171093 | ||
| 049 | _aCG | ||
| 050 | 4 |
_aLB2331 _bE5.7 |
|
| 245 | 0 | 0 |
_aEnseñanza y aprendizaje en la educación superior / _ccoord. Cristina Mayor Ruiz. |
| 260 |
_aBarcelona, Esp. : _bOctaedro : _bEUB, _c2003. |
||
| 300 | _a218 p. | ||
| 440 | 0 | _aEducación | |
| 650 | 4 |
_aEnseñanza universitaria _913570 |
|
| 650 | 4 |
_aEducación superior _932 |
|
| 700 | 1 |
_aMayor Ruiz, Cristina, _ecoord. |
|
| 905 | _aLibro | ||
| 999 |
_c143198 _d143198 |
||